Catálogo - Centro de Recursos para el Aprendizaje y la Investigación

Volver al Sitio - CRAI Biblioteca

El sexo contado a los pequeños (Registro nro. 113849)

Detalles MARC
000 -CABECERA
campo de control de longitud fija 01166nam a22002777a 4500
001 - NÚMERO DE CONTROL
campo de control 113849
003 - IDENTIFICADOR DEL NÚMERO DE CONTROL
campo de control DR-UNIBE
005 - FECHA Y HORA DE LA ÚLTIMA TRANSACCIÓN
campo de control 20250717104417.0
008 - DATOS DE LONGITUD FIJA--INFORMACIÓN GENERAL
campo de control de longitud fija 250708b2013 sp ||||| |||| 00| 0 spa d
020 ## - NÚMERO INTERNACIONAL ESTÁNDAR DEL LIBRO
Número Internacional Estándar del Libro 9788449423260
040 ## - FUENTE DE LA CATALOGACIÓN
Centro catalogador/agencia de origen BIBLIOTECA UNIBE
Centro/agencia transcriptor BIBLIOTECA UNIBE
Normas de descripción rda
041 ## - CÓDIGO DE LENGUA
Código de lengua del texto/banda sonora o título independiente spa
082 ## - NÚMERO DE LA CLASIFICACIÓN DECIMAL DEWEY
Número de clasificación 155.43 S518c
245 03 - MENCIÓN DE TÍTULO
Título El sexo contado a los pequeños
260 ## - PUBLICACIÓN, DISTRIBUCIÓN, ETC.
Lugar de publicación, distribución, etc. Barcelona :
Nombre del editor, distribuidor, etc. Oceano,
Fecha de publicación, distribución, etc. 2013
300 ## - DESCRIPCIÓN FÍSICA
Extensión 2 volúmenes :
Otras características físicas ilustraciones a color
Material acompañante/anejo + 1 CD-ROM
505 ## - NOTA DE CONTENIDO CON FORMATO
Nota de contenido con formato Volumen 1 |<br/>1. María, Carlos y sus amigos |<br/>2. El cuerpo y los sentidos |<br/>3. Somos iguales, somos diferentes |<br/>4. Crecemos: la pubertad |<br/>Volumen 2 |<br/>5. Las personas nos relacionamos |<br/>6. Va a nacer un niño |<br/>7. El respeto por el cuerpo |<br/>8. Al cerrar el libro |
650 #7 - PUNTO DE ACCESO ADICIONAL DE MATERIA--TÉRMINO DE MATERIA
Fuente del encabezamiento o término lemb
Término de materia o nombre geográfico como elemento de entrada Educación sexual para niños
650 #7 - PUNTO DE ACCESO ADICIONAL DE MATERIA--TÉRMINO DE MATERIA
Fuente del encabezamiento o término lemb
Término de materia o nombre geográfico como elemento de entrada Educación sexual
Subdivisión general Enseñanza
9 (RLIN) 197433
653 #0 - TÉRMINO DE INDIZACIÓN--NO CONTROLADO
Término no controlado Sexualidad -- Estudio y enseñanza
700 ## - PUNTO DE ACCESO ADICIONAL--NOMBRE DE PERSONA
Nombre de persona O'Callaghan i Duch, Elena
9 (RLIN) 197142
Término indicativo de función/relación redactor
700 ## - PUNTO DE ACCESO ADICIONAL--NOMBRE DE PERSONA
Nombre de persona Gispert, Carlos
9 (RLIN) 8596
Término indicativo de función/relación director
700 ## - PUNTO DE ACCESO ADICIONAL--NOMBRE DE PERSONA
Nombre de persona Arànega, Mercè
Término indicativo de función/relación ilustrador
9 (RLIN) 197427
700 ## - PUNTO DE ACCESO ADICIONAL--NOMBRE DE PERSONA
Nombre de persona Pascual, María
Término indicativo de función/relación ilustrador
9 (RLIN) 65725
942 ## - ELEMENTOS DE PUNTO DE ACCESO ADICIONAL (KOHA)
Fuente del sistema de clasificación o colocación Sistema de Clasificación Decimal Dewey
Tipo de ítem Koha Libro (general)
Existencias
Estado de retiro Estado de pérdida Fuente del sistema de clasificación o colocación No para préstamo Código de colección Localización permanente Fecha de adquisición Total de préstamos Signatura topográfica completa Código de barras Fecha visto por última vez Número de copia Precio válido a partir de Tipo de ítem Koha
  Disponible Sistema de Clasificación Decimal Dewey   General Biblioteca Central UNIBE 17/07/2025   155.43 S518c 250733 17/07/2025 Vol. 1 Ej. 1 17/07/2025 Libro (general)
  Disponible Sistema de Clasificación Decimal Dewey   General Biblioteca Central UNIBE 17/07/2025   155.43 S518c 250734 17/07/2025 Vol. 2, Ej. 1 17/07/2025 Libro (general)